Najpopularniejsi raperzy w tym tygodniu . 23-29.04 - Statystyki

Ogólne statystyki
  • Ten quiz został rozwiązany 26 razy
  • Średni wynik to 8 z 15
Statystyki odpowiedzi
Miejsce w poprzednim tygodniu Wyświetlenia Raper % Poprawnych
#4 4.04M Bedoes
83%
#18 3.51M Kizo
74%
#2 6.04M Mata
74%
#1 21.80M Sobel
74%
#14 2.74M Quebonafide
70%
#12 2.79M White 2115
65%
#36 3.36M Oki
61%
#3 3.62M Szpaku
57%
#20 5.96M Young Igi
52%
#7 2.90M ReTo
48%
#5 3.29M Guzior
35%
#6 3.42M Tymek
35%
#31 4.80M KęKę
22%
#8 3.22M Paluch
22%
#9 3.30M Major SPZ
17%
Nie znaleziono quizów pasujących do podanych kryteriów
Rozkład punktacji
Procent ludzi z każdym wynikiem
Percentyl według liczby udzielonych odpowiedzi
Twoja historia wyników
Nie rozwiązałeś tego quizu